[Event "Al Ain op 1st"]
[Site "Al Ain"]
[Date "2012.12.27"]
[Round "7"]
[White "Paragua, Mark"]
[Black "Edouard, Romain"]
[Result "0-1"]
[WhiteElo "2533"]
[BlackElo "2686"]
[Annotator "Edouard,R"]
[PlyCount "118"]
[EventDate "2012.12.22"]
[EventType "swiss"]
[EventRounds "9"]
[EventCountry "UAE"]
[SourceTitle "CBM 152"]
[Source "ChessBase"]
[SourceDate "2013.01.15"]
[SourceVersion "1"]
[SourceVersionDate "2013.01.15"]
[SourceQuality "1"]

1. e4 c5 2. c3 Nf6 3. e5 Nd5 4. d4 cxd4 5. Nf3 Nc6 6. cxd4 d6 7. Bc4 e6 8. O-O
Be7 9. exd6 Qxd6 10. Nc3 O-O 11. Re1 Rd8 12. Bb3 Nf6 13. Be3 {Not such a
dangerous move for Black.} (13. Nb5 $5 Qd7 14. Bf4 Bb4 $5 {was a novetly I had
played in a game in Spain some 50 days earlier.} (14... a6 15. Nc7 Ra7 16. d5
exd5 17. Rc1 {is known to be dangerous for Black.})) 13... b6 14. a3 Bb7 (14...
Ba6 $5) 15. Qe2 Na5 (15... Rac8 {would be normal, but I missed the fact that
my opponent could have gone 16.Ba2.}) 16. Bc2 $6 (16. Ba2 $1 {would be good,
since} Ng4 $6 {is bad because of} 17. d5 $1) 16... Rac8 17. Ne5 (17. Bd3 Ng4
18. Ne4 Qb8 {is pleasant for Black.}) 17... Nc6 18. Nf3 Na5 19. Ne5 Nc6 20. Nf3
Ng4 (20... Nd5 $5) 21. Rad1 (21. d5 {was the move that made me hesitate
between 20...Ng4 and 20...Nd5, but after} exd5 (21... Na5 $5) 22. Bf5 (22. Rad1
Nxe3 23. Qxe3 Qc5 24. Qxc5 Bxc5 25. Nxd5 Nd4 $15) 22... Nxe3 23. Bxc8 Nxg2 $1
24. Bxb7 Nf4 25. Qf1 Qd7 26. Ne2 Nxe2+ 27. Qxe2 Qxb7 {Black is a bit better.})
21... Na5 22. Ne4 Qd5 (22... Qc7 $5) 23. Bg5 $2 (23. Bd3 {would be normal.
White should not be worse.}) (23. Bf4 Nf6 {is good for Black.}) 23... Bxg5 24.
Nexg5 (24. Nfxg5 f5 $1 {was the move my opponent first missed. Suddenly White
cannot save all his pieces.}) 24... Nf6 25. Bd3 h6 26. Nh3 (26. Ne4 Nxe4 27.
Bxe4 Qxe4 28. Qxe4 Bxe4 29. Rxe4 Rc2 $17) 26... Qh5 27. Nf4 Qg4 28. Qe3 Bxf3
29. Qxf3 (29. h3 $2 Nd5 $19) 29... Qxf3 30. gxf3 Rc6 $6 (30... Nb3 {would have
been more precise. I'll double my rooks on the d-file and just take the
d4-pawn. The way I played, I allow d5 in good circumstances.}) 31. d5 Nxd5 32.
Nxd5 Rxd5 33. Be4 Rxd1 34. Rxd1 Rc8 35. Rd7 f5 (35... Rc1+ {first makes sense,
in order to avoid 37.Bf1 as could have been played in the game, since after}
36. Kg2 f5 37. Ba8 (37. Bd3 Rd1 {- back in the game.}) 37... Nc4 {Black should
win quite easily due to the misplaced bishop on a8.}) 36. Bd3 Rc1+ 37. Kg2 (37.
Bf1 Nb3 38. Kg2 Rc2 39. Rxa7 Rxb2 40. Bc4 Nc5 {is much better for Black, but
not completely easy to win.}) 37... Rd1 38. b4 $8 {Otherwise White would just
lose by force due to the pinned bishop on d3.} Nc6 $8 (38... Nb3 $2 {does not
work because of} 39. Bxf5 $1) (38... Nc4 $2 39. Bxc4 $1 Rxd7 40. Bxe6+ Rf7 41.
f4 Kf8 42. Bxf7 Kxf7 43. Kf3 {is a draw.}) 39. f4 (39. Rc7 Rxd3 40. Rxc6 Rxa3
41. Rxe6 {should be White's best pratical chance to save the game.}) 39... Kf8
40. Rd6 (40. Kf3 $6 Ke8 41. Rd6 Ke7 $19) 40... Ke7 $2 (40... Ne7 41. Kf3 Ng6 $1
{would simply win the game.}) 41. Rxc6 Rxd3 42. Rc7+ Rd7 {Of course this
endgame should be won, but keeping the minor pieces would make Black's task
much easier.} 43. Rc8 Kd6 44. h4 e5 $5 45. Rf8 Ke6 46. fxe5 (46. Re8+ $6 Re7
47. Rxe7+ $2 Kxe7 48. fxe5 g5 49. f4 gxf4 50. Kf3 Ke6 51. Kxf4 b5 52. h5 a6 $19
) 46... Kxe5 47. h5 Kf4 48. a4 Kg4 49. a5 bxa5 50. bxa5 Rd5 (50... f4 $5) 51.
Rf7 Rxa5 52. Rxg7+ Kxh5 53. Kf3 Ra4 54. Rg8 a5 55. Rg7 ({White's only chance} 
55. Rf8 {would lose anyway, e.g.} Kg6 56. Rg8+ Kf7 57. Rh8 Kg7 58. Ra8 h5 {
and my king will come back to help the h-pawn be pushed.}) 55... Rb4 56. Rg1 a4
57. Rh1+ $6 Kg5 58. Rg1+ Rg4 59. Rb1 a3 {...Ra4 to follow.} 0-1

[Event "Bundesliga 1718"]
[Site "Germany"]
[Date "2018.04.30"]
[Round "14.6"]
[White "Zelbel, Patrick"]
[Black "Edouard, Romain"]
[Result "0-1"]
[WhiteElo "2458"]
[BlackElo "2607"]
[Annotator "Edouard,R"]
[PlyCount "68"]
[EventDate "2017.10.21"]
[EventType "team-tourn"]
[EventRounds "15"]
[EventCountry "GER"]
[SourceTitle "CBM 185"]
[Source "ChessBase"]
[SourceDate "2018.07.13"]
[SourceVersion "1"]
[SourceVersionDate "2018.07.13"]
[SourceQuality "1"]
[WhiteTeam "Muelheim"]
[BlackTeam "Werder Bremen"]
[WhiteTeamCountry "GER"]
[BlackTeamCountry "GER"]

1. e4 c5 2. c3 d5 3. exd5 Qxd5 4. Nf3 Nc6 5. Na3 Bg4 6. Be2 e5 7. d3 ({White
may play} 7. h3 {first.} Bh5 8. d3 {If White allows ...e4, Black is at the
very least not worse.} (8. Qb3 {allows the simple} O-O-O $132) (8. O-O e4 9.
Ne1 Bxe2 10. Qxe2 O-O-O $132) 8... f6 {It is not like the bishop is too
misplaced on h5, but of course if h3 came later, e6 would have been a natural
square to retreat to.} 9. O-O Nge7 10. Nc4 O-O-O $13 {With a complicated
position. The black bishop is not too natural on h5 (it would seem much more
logical to have it on e6), but on the other hand it can come to g6 to target
the d3-pawn (and in the worst case to f7).}) 7... f6 8. O-O Nge7 9. Re1 $6 {
Too slow.} ({Again} 9. h3 {is critical.} Be6 (9... Bh5 $5 {also makes sense -
with perhaps less "forcing" variations.}) 10. d4 $5 cxd4 11. cxd4 e4 12. Nb5 (
12. Nd2 $5 Nf5 13. Bc4 Qd7 14. Nxe4 O-O-O 15. Nc5 Bxc5 16. dxc5 Bxc4 17. Qxd7+
Rxd7 18. Nxc4 Rd5 $11) 12... O-O-O 13. Nd2 a6 14. Bc4 Qd7 15. Nxe4 Bxc4 $1 16.
Nbd6+ Qxd6 17. Nxd6+ Rxd6 18. Re1 Rxd4 $44) (9. Nc4 Be6 {should be fine for
Black: he wants to play ...Qd7 followed by ...Nd5. Then he may chose which
side he wants to castle to.}) 9... O-O-O (9... Qd7 $5 {was the alternative,
avoiding a slight misplacement of pieces as in the game. Now, Black is in time
to get to d5 if White plays a move like Be3. Perhaps best for White would be}
10. d4 $5 cxd4 11. Nxd4 (11. cxd4 e4 12. Nd2 Bxe2 13. Qxe2 f5 {looks nicer for
Black, even if objectively equal.}) 11... Bxe2 12. Nxe2 $11) 10. Be3 Nf5 11.
Nc4 Qd7 $2 {Just chess blindness.} (11... Bh5 $1 12. a3 $13) 12. Bd2 $2 {
More chess blindness.} (12. Nfxe5 {was just winning a pawn:} Bxe2 13. Nxd7 Bxd1
14. Nxf8 {and here I somehow missed that the e6-square is available.}) 12...
Nd6 $1 13. Ne3 $6 {After this move White has too many pieces on too few
squares.} (13. Nxd6+ Bxd6 $36) 13... Be6 $15 14. Qc2 Kb8 15. a3 g5 16. Reb1 $2
{Again too slow.} (16. b4 $1 g4 17. Nh4 {was absolutely necessary, and now the
position isn't so clear, even if anyone would pick Black.}) 16... g4 {Now the
advantage is just overwhelming.} 17. Ne1 (17. Nh4 f5 $19) 17... f5 18. b4 f4
19. Nf1 Rg8 $5 (19... c4 $5 20. dxc4 Nxc4 21. Rd1 Qf7 $19 {was the positional
way.}) 20. bxc5 Nf5 21. d4 $8 Ka8 $1 {Avoiding any Ba6 and any Bxf4 with check.
} 22. Bd3 (22. dxe5 g3 $1 $40) 22... g3 $1 23. fxg3 fxg3 24. h3 (24. d5 Bxc5+
25. Kh1 Qxd5 26. Bxf5 Bxf5 27. Qxf5 Rgf8 28. Qd3 Qf7 {is a nice line.}) 24...
exd4 25. c4 Nh4 26. Be4 $6 {Allowing a deadly pawn push.} (26. Bf4 $8 Bxc5 (
26... Bxh3 $5 27. gxh3 Bxc5 $1 {is even stronger according to the engine.}) 27.
Rb5 Rdf8 28. Bxg3 Nf5 {with a crushing attack.}) 26... d3 $1 27. Qxd3 Qf7 $1 (
27... Bxc5+ 28. Be3 {is less clear.}) 28. Qe3 (28. Rxb7 Qxb7 $19) (28. Qe2 Bxc4
$19) 28... Bh6 $1 29. Qe2 Bxd2 $5 {The simple way.} (29... Bxc4 $19) 30. Nxd2
Qf2+ 31. Qxf2 gxf2+ 32. Kxf2 Rxd2+ 33. Ke3 Rd7 34. Rd1 Re7 0-1

[Event "San Francisco"]
[Site "San Francisco"]
[Date "1995.??.??"]
[Round "1"]
[White "Nunn, John DM"]
[Black "Tisdall, Jonathan D"]
[Result "1-0"]
[WhiteElo "2630"]
[BlackElo "2470"]
[Annotator "Endgame-CD"]
[PlyCount "135"]
[EventDate "1995.??.??"]
[EventType "game"]
[EventCountry "ARG"]
[SourceTitle "CBM 046"]
[Source "ChessBase"]
[SourceDate "1995.06.01"]
[SourceVersion "1"]
[SourceVersionDate "1995.06.01"]
[SourceQuality "1"]

1. e4 c5 2. c3 Nf6 3. e5 Nd5 4. Nf3 e6 5. g3 d6 6. exd6 Bxd6 7. Bg2 Nc6 8. O-O
O-O 9. d4 cxd4 10. Nxd4 Nxd4 11. Qxd4 Qc7 12. Nd2 Bc5 13. Qe4 b5 14. a4 bxa4
15. Qxa4 Bd7 16. Qc2 Rac8 17. Ne4 Bb6 18. Ng5 Nf6 19. Re1 h6 20. Bf4 Qc5 21.
Be3 Qc7 22. Ne4 Nd5 23. Bxb6 axb6 24. Qb3 Rfd8 25. Rec1 Bc6 26. Rd1 Ne7 27.
Rxd8+ Rxd8 28. Rd1 Rxd1+ 29. Qxd1 Nf5 30. Qd3 Bd5 31. Nf6+ gxf6 32. Bxd5 Qe5
33. Be4 Nd6 34. Bf3 f5 35. Kg2 f4 36. Qa6 fxg3 37. hxg3 Qc5 38. b4 Qc7 39. Qd3
Kg7 40. Qd4+ f6 41. Qe3 Kf7 42. Bg4 Nf5 43. Bxf5 exf5 44. b5 $1 (44. Qd4 Qc6+
45. Kg1 b5 {Blocks the Q-side.}) 44... Qb7+ 45. Kg1 (45. Qf3 Qe4 $1) 45... Qc7
46. Qxh6 Qxc3 47. Qh5+ Ke6 (47... Ke7 48. Qxf5 $16) 48. Qe8+ Kd6 49. Qd8+ Kc5
50. Qc7+ (50. Qc8+ $142 Kb4 51. Qxf5 $16) 50... Kb4 51. Qxb6 Qe1+ 52. Kh2 (52.
Kg2 Qe4+ 53. Kh2 (53. f3 Qe2+ 54. Qf2 Qxb5 $10) 53... Qf3 $10 54. Qe3 Qxe3 55.
fxe3 Kxb5 $10) 52... Qd2 $1 (52... Qe2 53. Qd6+ Kxb5 54. Qd5+ Kb6 55. Qxf5 Qe7
56. Qd5 $18 {><f6; Kh2-f6}) 53. Kh3 Qd5 $1 (53... Qe2 54. Qd6+ Kxb5 55. Qd5+
$18) (53... Qh6+ 54. Kg2 Qd2 55. Qc6 $1) 54. Qc6 Qxb5 55. Qxf6 (55. Qxb5+ Kxb5
56. Kh4 Kc5 57. Kh5 Kd4 58. Kg6 Ke5 59. f3 f4 60. g4 Ke6 $10) 55... Qf1+ 56.
Kh4 Qxf2 57. Qd6+ (57. Qe5 $2 Qh2+ 58. Kg5 Qh3) 57... Kc3 $1 (57... Ka4 $2 58.
Qf4+ $18) (57... Kb3 58. Qd3+ Ka2 59. Kg5 Kb2 60. Qb5+ Ka3 61. Qa5+ Kb3 62.
Qd5+ $18 {Weiss will mit Schachgebot nach f4.}) 58. Kg5 Qf1 59. Qe5+ Kb3 60.
Qxf5 Qg2 $10 {Die Stellung ist remis, weil: 1.Der Bauer ein Springerbauer ist
2.Der schwarze König günstig, nämlich weit weg vom Bauer, bzw. seinem
Umwandlungsfeld plaziert ist. The position is a draw, because: 1. The pawn is
a night pawn. 2. The defending king is well placed, far away from g8.} 61. Qd3+
Ka2 62. g4 Qc6 63. Qd4 Qe6 64. Kf4 Qh6+ 65. Kg3 Qg5 66. Qf4 Qd5 $4 (66... Qe7
$10) (66... Qc5 $4 67. Qf2+) 67. Qf2+ Ka1 (67... Ka3 68. Qf3+) 68. Qf1+ (68.
Qf1+ Kb2 69. Qg2+ $18) 1-0

[Event "Linares zt"]
[Site "Linares"]
[Date "1995.??.??"]
[Round "2"]
[White "Godena, Michele"]
[Black "Antunes, Antonio"]
[Result "1-0"]
[WhiteElo "2420"]
[BlackElo "2530"]
[Annotator "Endgame-CD"]
[PlyCount "117"]
[EventDate "1995.11.??"]
[EventType "swiss"]
[EventRounds "11"]
[EventCountry "ESP"]
[SourceTitle "CBM 051"]
[Source "ChessBase"]
[SourceDate "1996.04.01"]
[SourceVersion "1"]
[SourceVersionDate "1996.04.01"]
[SourceQuality "1"]

1. e4 c5 2. c3 Nf6 3. e5 Nd5 4. Nf3 Nc6 5. d4 cxd4 6. cxd4 d6 7. Bc4 dxe5 8.
dxe5 Nb6 9. Qxd8+ Nxd8 10. Be2 Nc6 11. Nc3 Bf5 12. Be3 e6 13. Nh4 Bb4 14. Nxf5
exf5 15. O-O-O O-O 16. Nd5 Ba5 17. f4 Rfd8 18. Nxb6 Bxb6 19. Rxd8+ Nxd8 20.
Bxb6 axb6 21. Kb1 Ne6 22. g3 Nd4 23. Bc4 Rd8 24. Rd1 Kf8 25. Bf1 Ke7 26. Bg2 f6
27. exf6+ Kxf6 28. Bxb7 g5 29. fxg5+ Kxg5 30. a4 f4 31. b4 fxg3 32. hxg3 Rb8
33. Rxd4 Rxb7 34. Kc2 Kf5 35. a5 bxa5 36. bxa5 Ke5 37. Ra4 Ra7 38. a6 Kd6 39.
Kd3 Kc7 40. Ke3 Kb8 41. Kf3 Rd7 42. Kg4 Ka7 43. Kh5 Rd3 44. Rg4 Kxa6 45. Kh6
Kb6 46. Kxh7 $18 Kc6 47. Rg8 Kd7 48. g4 Ke6 49. g5 Rd7+ 50. Kg6 Rd6 51. Rf8
Ke7+ 52. Kg7 (52. Rf6 $18) 52... Re6 53. Rf7+ Ke8 54. g6 Re1 55. Rf2 Ke7 56.
Kg8 (56. Rh2 {gewinnt auch} Rg1 57. Rh6 Rg2 58. Kg8 Rd2 59. g7 Rd8+ 60. Kh7 Kf7
61. Rg6 $18) 56... Rg1 57. g7 Rh1 58. Re2+ Kd7 59. Re4 (59. Re4 {"Brücke bauen"
} Rh2 60. Kf7 Rf2+ 61. Kg6 Rg2+ 62. Kf6 Rf2+ 63. Kg5 Rg2+ 64. Rg4 $18) 1-0

[Event "San Agustin op 08th"]
[Site "Aviles"]
[Date "2003.08.19"]
[Round "5.3"]
[White "Erenburg, Sergey"]
[Black "Murariu, Andrei"]
[Result "1/2-1/2"]
[WhiteElo "2512"]
[BlackElo "2389"]
[Annotator "Erenburg,S"]
[PlyCount "123"]
[EventDate "2003.08.16"]
[EventType "swiss"]
[EventRounds "9"]
[EventCountry "ESP"]
[SourceTitle "CBM 097"]
[Source "ChessBase"]
[SourceDate "2003.11.11"]
[SourceVersion "1"]
[SourceVersionDate "2003.11.11"]
[SourceQuality "1"]

1. e4 c5 2. c3 Nf6 3. e5 Nd5 4. d4 cxd4 5. Nf3 e6 (5... Nc6 {is another
theoretical line.}) 6. cxd4 d6 (6... b6 {is not less popular, than the move in
the game.}) 7. Bc4 {White has another possibility of developing the
light-squared bishop- on d3:} (7. a3 {[%cal Yf1d3]}) 7... Nb6 8. Bb3 {
According to Rogozenko, the following move, at least, isn't worse, than the
continuation I've chosen:} (8. Bd3 {See commented game 1-0 Itkis,B-Vasiesiu,D/
Targoviste 2001/CBM 87/[Rogozenko] (37)}) 8... dxe5 9. Nxe5 Nc6 (9... N8d7 10.
Qe2 (10. O-O)) 10. Nxc6 bxc6 11. O-O {In this variation, white gets a better
pawn structure and a space advantage. As compensation, black has a stronghold
d5 and open line "b". Usually white's main idea here is the occupation of c5
square by the knight. In opposite black's main problem is his light-squared
bishop, that he tries to change on c4 square or to transfer it to d5.} Be7 12.
Nc3 Nd5 $6 $146 {preventing from white the occupation of f4 square by the
dark-squared bishop. The main disadvantage of this move, that black remains
with the problem of his passive light-squared bishop. The main line goes with}
(12... O-O 13. Bf4 (13. Re1 {0-1 Nadyrhanov,S-Rublevsky,S/RUS-Cup6 1997/CBM 59/
[Har Zvi] (33)}) (13. Bc2 Ba6 14. Re1 c5 15. dxc5 Qxd1 16. Rxd1 Bxc5 $11 {
1/2-1/2 Blatny,P-Shaked,T/Kona 1998/EXT 99 (41)}) (13. Be3 Ba6 14. Re1 Nd5 15.
Qf3 Qa5 16. Ne4 $11 {1-0 Erenburg,S-Botvinnik,M/Tel Aviv 1998/CBM 67 ext (38)})
13... Ba6 14. Re1 {0-1 Smirnov,P-Landa,K/Tomsk 1998/CBM 67/[Har Zvi] (41)}) (
12... c5 $2 13. dxc5 $1 Qxd1 (13... Bxc5 14. Qh5 $1 $16 {[%cal Gf1d1]}) 14.
Bxd1 $1 {[%cal Gd1f3]} Nd7 15. c6 $18 {1-0 Erenburg,S-Kuznetsov,L/Moscow 1998/
EXT 99 (44)}) 13. Qf3 {[%cal Yf1d1] seems to me logical. White prevents from
black the capture on c3 with following c6-c5, and, at the same time, liberates
the d1 square for a rook, which will support the central d4 pawn.} O-O 14. Rd1
Rb8 15. Ne4 {White has got a slight advantage from the opening, thanks to a
space advantage, more active pieces and a better pawn structure. Black still
has a problem of developing the light-squared bishop.} {Now black decides to
get some space on the kingside, in order to occupy good positions with some of
his pieces. The following move is possible, thanks to a strong knight on d5,
which makes the e6 pawn not so vulnerable.} f5 16. Nc3 {The following
continuations deserve attention:} (16. Ng3) (16. Nd2) ({Only not} 16. Nc5 e5 $1
) 16... Bf6 17. Nxd5 $6 {White went on a force variation, hoping to get an
advantage. It is very responsible decision, as it improves black's pawn
structure.} ({Better was} 17. Be3 f4 $2 (17... Rb4 18. Rac1 $14 {[%cal Yc1c6]})
18. Nxd5 $16) 17... cxd5 18. Bf4 Rb4 19. Qe3 {[%cal Gf4e5]} ({When I played 17.
Nxd5, white intended to continue} 19. Qc3 {, but black has a very strong reply:
} {[%tqu "En","Please find the strongest move for black.","","","d8b6","",10]}
Qb6 $1 20. Bc7 {[%tqu "En","What can black do, in order not to lose the
material?","","","b4d4","",10]} Rxd4 $1 21. Bxb6 Rxd1+ 22. Rxd1 Bxc3 23. Bc5
Bxb2 24. Rb1 (24. Bxf8 Kxf8 $17) 24... Be5 25. Re1 Bc3 (25... Bb8 26. Bxf8 Kxf8
27. Rc1 Bd7 28. Ba4 Bxh2+ (28... Ke7 $142 $15) 29. Kxh2 Bxa4 30. Rc8+ Ke7 31.
Rc7+ $16) 26. Rc1 d4 27. Bxd4 Bxd4 28. Rxc8 $11) 19... a5 $1 {Black has to get
counterplay on the queenside as quick as possible, as he risks to remain with
very passive light-squared bishop after the trade of dark-squared ones.} 20.
Be5 ({Again doesn't work} 20. Qc3 {, in view of} Qb6 21. Bc7 Qa7 $1) 20... Bxe5
21. Qxe5 Qf6 22. Qf4 $6 {After this move it is difficult for white to struggle
for an advantage. Better was} (22. Qxf6 Rxf6 (22... gxf6 23. Rd2 $14) 23. Rac1
$14) 22... Bd7 23. Qc7 $6 {Now white is going to face some problems. He still
had possibility to fight for an edge after} (23. Qd6 Qd8 (23... Rd8 24. Qc5)
24. Rac1 Rb6 25. Qa3 a4 (25... Rb4 26. Rc5) 26. Bxa4 Bxa4 27. Qxa4 Rxb2 $14 {/=
}) 23... Qd8 $1 24. Qc5 Qb6 25. Qxb6 Rxb6 26. Rd2 Rc8 $15 {After two white's
inaccurate moves, black has got a slight advantage, thanks to a more active
pieces.} (26... Rfb8 27. Rb1) 27. Bd1 a4 28. Kf1 Rb4 29. b3 axb3 (29... a3 {
comes to consideration.}) 30. axb3 (30. Bxb3 $11) 30... Rc3 31. Ke1 h6 {
Now black monarch has the h7 square.} (31... Kf7 {comes to consideration.}) 32.
Ra7 Bb5 33. f3 $6 {[%cal Ye1f2]} (33. Rb7 $2 Rc1 $17 {[%cal Gb4b3]} 34. Rc2 Ra1
35. Rc8+ Kh7 36. Rcc7 Rxd4 $19) ({Stronger was} 33. Bc2 {covering the d3
square, and not allowing black to occupy the 1-th rank.}) 33... Bd3 $1 {
[%cal Gb4d4]} 34. Ra4 $2 ({Right was to play} 34. Rda2 $1 Rxd4 35. Re7 {
[%cal Ya2a7]} Bb1 (35... Bb5 36. Rxe6) 36. Raa7 Rc1 37. Rxg7+ Kf8 38. Rgf7+ Ke8
39. Rfe7+ $11 Kd8 $4 40. Rg7 $1 $18 (40. Rh7 $2 Rcxd1+ 41. Kf2 R4d2+ {with
following 42...f4+.})) 34... Rxa4 35. bxa4 Ra3 36. Kf2 (36. g3 {deserved
attention.}) 36... f4 $1 $17 {White's pieces are very passive, and this move
is going to limit his possibilities some more.} 37. g3 g5 38. Rb2 Kf7 {Black
is going to activize his monarch, that is the obligatory part of plan in each
endgame.} 39. Bb3 Kf6 40. Bd1 Bc4 41. gxf4 gxf4 42. Bc2 Ra1 (42... e5 $17 {
probably was stronger, as it allows to black monarch to invase into white's
camp.}) 43. h4 $1 Rh1 44. Kg2 Re1 $6 {gives white the resourse of trading the
bishops.} ({After} 44... Rxh4 45. Rb8 {[%cal Yb8f8] black rook is very passive.
}) (44... Ra1 $142) 45. Bb3 $1 {Of course, white is interested in the change
of bishops, as in the RR endings there are always more chances. Also, in this
particular position, white's bishop is much more worse, than the black's one.}
Bxb3 ({Doesn't give anything:} 45... Ra1 46. Bxc4 dxc4 47. Rb4 c3 48. Rc4 Ra2+
49. Kh3 c2 50. Kg4 Rxa4 51. Rxc2 Rxd4 52. Rc8 $11) 46. Rxb3 Ra1 $1 47. Rb8 $1 {
There is no another way to struggle for a draw, except of activizing the rook.}
Kf7 $1 (47... Rxa4 48. Rf8+ Kg7 49. Rxf4 h5 50. Kg3 {Funny position. White
rook is paralized, but black cannot win this position. White is waiting,
making the moves with the king.}) 48. Rb7+ Kg6 49. Re7 Ra2+ (49... Kf6 {
doesn't change too much:} 50. Rh7 Rxa4 51. Rxh6+ Kf5 52. Kh3 Rxd4 53. Rh5+ Kf6
54. Kg4 {and white will achieve a draw.}) 50. Kh3 $1 {The king has to be
active in the endgame!} (50. Kg1 Kh5 $19) 50... Kf6 51. Rh7 Rxa4 52. Rxh6+ Kf5
53. Rh5+ $1 Kf6 54. Rh6+ Kf5 (54... Ke7 55. Kg4 Rxd4 56. h5 $132) 55. Rh5+ Kg6
56. Rg5+ $1 (56. Re5 $6 Kf6 57. Kg4 Rxd4 58. Rg5 {white with exact play will
get the draw, but here, black's chances are higher, than in the game.}) 56...
Kf6 57. Kg4 Rxd4 58. h5 $11 {Now white's pieces are active, he has a dangerous
passed pawn "h". All these factors compensate a lost pawn.} Rd1 (58... Rb4 59.
Rg6+ (59. h6 $5) 59... Kf7 60. Kg5 $11) 59. Rg6+ Ke5 (59... Kf7 60. Kxf4 Rh1
61. Rg5 $11 (61. Kg5 $4 Rg1+ 62. Kh6 (62. Kf4 Rxg6 63. hxg6+ Kxg6 64. Ke5 Kf7
65. f4 Ke7 66. f5 exf5 67. Kxd5 Kf6 $19) 62... Rxg6+ 63. hxg6+ Kg8 64. Kg5 Kg7
$19) (61. Rh6 $11)) 60. Rg5+ Kf6 61. Rg6+ Ke5 62. Rg5+ 1/2-1/2